| 000 | 00519nam a2200181Ia 4500 | ||
|---|---|---|---|
| 008 | 220216s9999 xx 000 0 und d | ||
| 100 | _aMercykutty V.C. | ||
| 245 | 0 | _aEffects of water storage on seed germination and seedling growth of rubber (Hevea brasiliensis Muell Arg.) | |
| 260 |
_bThe Planter _c1996 |
||
| 300 | _a367-373 | ||
| 650 | _aGermination | ||
| 650 | _aRubber seed | ||
| 650 | _aWater storage | ||
| 700 | _aPremakumari D. | ||
| 700 | _aSaraswathyamma C.K. | ||
| 700 | _aThomas V. | ||
| 942 | _cBS | ||
| 999 |
_c49220 _d49220 |
||